Crónica 1981 / Tribunal de Cuentas
Descripción Física:
v. ; 24 cm
MARC
| LEADER | 00000nam a2200000Ia 4500 | ||
|---|---|---|---|
| 001 | 14267 | ||
| 008 | 160829s9999 xx 000 0 cat d | ||
| 080 | |a M-4-182 | ||
| 100 | |a Espanya. Tribunal de Cuentas | ||
| 245 | |a Crónica 1981 / Tribunal de Cuentas | ||
| 260 | |a [Madrid] : |b el Tribunal, DL 1982 | ||
| 300 | |a v. ; |c 24 cm | ||
| 590 | |a Conté: v. 1: II Encuentros del Tribunal. | ||
| 590 | |a Notes, referències bibliogràfiques | ||
| 650 | |a Espanya. Tribunal de Cuentas |x Congressos |9 24204 | ||
| 901 | |a Arxiu | ||
| 942 | |n 1 | ||
| 952 | |0 0 |1 0 |4 0 |6 M4182 |7 1 |9 43020 |a Arxiu |b Arxiu |d 2016-12-01 |l 0 |o M-4-182 |p 14267 |r 2016-12-01 00:00:00 |w 2016-12-01 |y ARXIU | ||
| 999 | |c 45563 |d 45563 | ||